MARC

LEADER 00000nam0a2200000 4500
001 110497
005 20231031120501.0
035 |a (RuTPU)RU\TPU\book\119336 
090 |a 110497 
100 |a 20070224d1986 km y0rusy50 ca 
101 0 |a rus 
102 |a RU 
105 |a a z 001zy 
200 1 |a Фазовые переходы и электронная структура сплавов  |f А. В. Ведяев [и др.] 
210 |a Москва  |c Изд-во Московского ун-та  |d 1986 
215 |a 166 с.  |c ил. 
320 |a Библиогр.: с. 158-166. 
610 1 |a металлургия 
610 1 |a сплавы 
610 1 |a электронная структура 
610 1 |a фазовые переходы 
610 1 |a редкоземельные металлы 
610 1 |a переходные металлы 
675 |a 669.017.1  |v 3 
675 |a 669.017.3  |v 3 
701 1 |a Ведяев  |b А. В.  |g Анатолий Владимирович 
701 1 |a Котельникова  |b О. А.  |g Ольга Анатольевна 
701 1 |a Николаев  |b М. Ю.  |g Михаил Юрьевич 
701 1 |a Стефанович  |b А. В.  |g Алексей Вячеславович 
801 1 |a RU  |b 63413507  |c 20070224  |g PSBO 
801 2 |a RU  |b 63413507  |c 20080505  |g PSBO 
942 |c BK